|
|
|
|
| LEADER |
00000cam a22000002c 4500 |
| 001 |
1840059907 |
| 003 |
DE-627 |
| 005 |
20250708101157.0 |
| 007 |
cr uuu---uuuuu |
| 008 |
230324s2004 xx |||||o 00| ||eng c |
| 024 |
7 |
|
|a 10.3886/ICPSR03751.v1
|2 doi
|
| 035 |
|
|
|a (DE-627)1840059907
|
| 035 |
|
|
|a (DE-599)KXP1840059907
|
| 040 |
|
|
|a DE-627
|b ger
|c DE-627
|e rda
|
| 041 |
|
|
|a eng
|
| 084 |
|
|
|a 2,1
|2 ssgn
|
| 100 |
1 |
|
|a Friday, Paul C.
|e VerfasserIn
|4 aut
|
| 109 |
|
|
|a Friday, Paul C.
|
| 245 |
1 |
0 |
|a Delinquency in a Birth Cohort in Wuchang District, Wuhan, China, 1973-2000
|
| 264 |
|
1 |
|a [Erscheinungsort nicht ermittelbar]
|b [Verlag nicht ermittelbar]
|c 2004
|
| 336 |
|
|
|a Text
|b txt
|2 rdacontent
|
| 337 |
|
|
|a Computermedien
|b c
|2 rdamedia
|
| 338 |
|
|
|a Online-Ressource
|b cr
|2 rdacarrier
|
| 520 |
|
|
|a This study was designed by American criminologist Marvin Wolfgang as a replication of his DELINQUENCY IN A BIRTH COHORT studies conducted in Philadelphia, Pennsylvania (ICPSR 7729 and ICPSR 9293). The focus of the study is a cohort of all persons born in 1973 in the Wuchang District of the city of Wuhan. This district was selected because it was a populous commercial and residential area. The cohort birth year was chosen to reflect the impact of major economic and social changes in China. Data include interviews with all known criminal offenders as of 1990 and with a matched comparison sample. Additional residential, demographic, and updated criminal history data as of 2000 were collected on all persons born in the 1973 Wuchang District cohort.
|
| 540 |
|
|
|a ICPSR Terms of Use
|
| 650 |
|
4 |
|a Crime
|
| 650 |
|
4 |
|a Delinquent Behavior
|
| 650 |
|
4 |
|a Economic Change
|
| 650 |
|
4 |
|a Offenders
|
| 650 |
|
4 |
|a Social Change
|
| 655 |
|
7 |
|a Forschungsdaten
|0 (DE-588)1098579690
|0 (DE-627)857755366
|0 (DE-576)469182156
|2 gnd-content
|
| 700 |
1 |
|
|a Ren, Xin
|e MitwirkendeR
|4 ctb
|
| 700 |
1 |
|
|a Weitekamp, Elmar
|e MitwirkendeR
|4 ctb
|
| 787 |
0 |
8 |
|i Forschungsdaten zu
|a Friday, Paul C.
|t A Chinese birth cohort: Theoretical implications
|d 2005
|w (DE-627)191247915X
|
| 787 |
0 |
8 |
|i Forschungsdaten zu
|a Friday, Paul C.
|t A Chinese birth cohort: Theoretical implications
|d American Society of Criminology, 2003
|w (DE-627)1912479168
|
| 787 |
0 |
8 |
|i Forschungsdaten zu
|a Friday, Paul C.
|t Crime and crime prevention in China: A C
|d 1998
|w (DE-627)1912496356
|
| 787 |
0 |
8 |
|i Forschungsdaten zu
|a Wolfgang, Marvin E., 1924 - 1998
|t Crime in a Birth Cohort: A Replication in the People's Republic of China
|d [Erscheinungsort nicht ermittelbar] : National Institute of Justice, 1995
|w (DE-627)1912498111
|
| 787 |
0 |
8 |
|i Forschungsdaten zu
|a Wolfgang, Marvin E., 1924 - 1998
|t Delinquency in China: Study of a Birth Cohort
|d United States Department of Justice, National Institute of Justice, 1996
|w (DE-627)191250782X
|
| 787 |
0 |
8 |
|i Forschungsdaten zu
|a Friday, Paul C.
|t Delinquency in a Chinese Birth Cohort, Final Report
|d [Erscheinungsort nicht ermittelbar] : United States Department of Justice, National Institute of Justice, 2003
|w (DE-627)1912507838
|
| 787 |
0 |
8 |
|i Forschungsdaten zu
|a Horowitz, Andrew Warren, 1954 -
|t Does child labor reduce youth crime?
|d 2007
|w (DE-627)1912517884
|
| 787 |
0 |
8 |
|i Forschungsdaten zu
|a Taylor, Terrance J.
|t Risk and protective factors related to offending: Results from a Chinese cohort study
|d 2004
|w (DE-627)1912690756
|
| 787 |
0 |
8 |
|i Forschungsdaten zu
|a Taylor, Terrance J.
|t Risk and protective factors related to offending: Results from a Chinese cohort study
|d 2004
|w (DE-627)1912690764
|
| 787 |
0 |
8 |
|i Forschungsdaten zu
|a Drissel, David
|t Subterranean sources of juvenile delinquency in China: Evidence from birth cohort surveys
|d 2006
|w (DE-627)1912717549
|
| 787 |
0 |
8 |
|i Forschungsdaten zu
|a Drissel, David
|t Subterranean Values and Juvenile Delinquency in China: Evidence from Birth Cohort Surveys
|d [Erscheinungsort nicht ermittelbar] : Annual Meeting of the Midwest Political Science Association, 2005
|w (DE-627)1912717557
|
| 787 |
0 |
8 |
|i Forschungsdaten zu
|a Timbs, Allison L.
|t The Year of the Ox: Social Bonding Theory and Juvenile Delinquency in a 1973 Chinese birth cohort
|d [Erscheinungsort nicht ermittelbar] : University of Florida, 2012
|w (DE-627)1912752611
|
| 856 |
4 |
0 |
|u https://doi.org/10.3886/ICPSR03751.v1
|x Resolving-System
|z kostenfrei
|3 Volltext
|7 0
|
| 935 |
|
|
|a mkri
|
| 951 |
|
|
|a BO
|
| ELC |
|
|
|a 1
|
| LOK |
|
|
|0 000 xxxxxcx a22 zn 4500
|
| LOK |
|
|
|0 001 4296807544
|
| LOK |
|
|
|0 003 DE-627
|
| LOK |
|
|
|0 004 1840059907
|
| LOK |
|
|
|0 005 20230324125303
|
| LOK |
|
|
|0 008 230324||||||||||||||||ger|||||||
|
| LOK |
|
|
|0 035
|a (DE-2619)ICPSR3751
|
| LOK |
|
|
|0 040
|a DE-2619
|c DE-627
|d DE-2619
|
| LOK |
|
|
|0 092
|o n
|
| LOK |
|
|
|0 852
|a DE-2619
|
| LOK |
|
|
|0 852 1
|9 00
|
| LOK |
|
|
|0 935
|a foda
|a nacj
|
| LOK |
|
|
|0 939
|a 24-03-23
|b l01
|
| OAS |
|
|
|a 1
|
| ORI |
|
|
|a SA-MARC-krimdoka001.raw
|